00773nam a2200205Ia 4500001001000000003000500010008004100015010001100056040000900067100002600076245018100102260003500283300001000318502008700328650002600415650002000441650002800461650002800489710005000517Para_1213CHAP220125s1997 xx 000 0 und d a199939 cCHAP aCuevas Cuenca, Rafael aResistencia de diez clones avanzados de papa al tizón tartío Phytophthora infestans (Mont), De Bary en la zona noroeste del Estado de México /c por Rafael Cuevas Cuenca aChapingo, Méx. :b El autor a53 h. aTesis (Ing. Agr. Esp. en Parasitología Agrícola), UACh. Depto. Parasitología 7aPapasxEnfermedades2 aPapa x plagas  aPhytophthora infestans  aTizon tardio de la papa aUACh. Departamento Parasitología Agrícola